000 00671 a2200181 4500
003 Nust
005 20170207153550.0
040 _cNust
082 _a005.1
100 _aJanjua, Fasial Nawz ( MSCS-13)
245 _aHybrid fingerprint matching by wavelet based feature extraction technique
_cFasial Nawaz Janjua
260 _bMCS,NUST
_cApril 2008
_aRawalpindi
300 _a90, p.;
505 _aIntroduction (page-1) Literature review (page-7) Adopted methodology (page-29) Design and implementation of proposed system (page-36) System analysis and results (page-60) Conclusion (page-74)
538 _aAlmirah No 69 Shelf No 5
650 _aPG Thesis
651 _aMSCS-13
942 _cTHS
999 _c188834
_d188834